|
|
|
|
| LEADER |
01182nam a22002417a 4500 |
| 001 |
AAL8550 |
| 003 |
BD-DhAAL |
| 005 |
20190403133640.0 |
| 008 |
160329s 2011bg ||||| |||| 00| 0 ben d |
| 999 |
|
|
|c 37253
|d 37253
|
| 020 |
|
|
|a 9789845040648
|
| 040 |
|
|
|a BD-DhAAL
|c BD-DhAAL
|
| 082 |
|
|
|a 891.4414
|
| 100 |
|
|
|a বিশ্বাস, রঞ্জনা
|9 18848
|
| 245 |
|
|
|a রবীন্দ্রনাথ :
|b কাবুলিওয়ালা, সুভা ও দালিয়া /
|c রঞ্জনা বিশ্বাস
|
| 260 |
|
|
|a ঢাকা :
|b মূর্ধণ্য,
|c ২০১১
|
| 300 |
|
|
|a ৮০ পৃ. ;
|c ২১ সে.মি.
|
| 541 |
|
|
|e 8550
|
| 600 |
|
|
|a Tagore, Rabindranath,
|d 1861-1941.
|9 18830
|
| 852 |
|
|
|a Savar Campus Library
|c General Shelf
|
| 942 |
|
|
|2 ddc
|c BK
|
| 952 |
|
|
|0 0
|1 0
|2 ddc
|4 0
|6 891_000000000000000__4414_BIS
|7 0
|9 58549
|a SCL
|b SCL
|c GEN
|d 2016-03-29
|e Gift: BLC, Savar
|g 120.00
|l 1
|o 891.4414 BIS
|p 3020008550
|r 2023-11-12
|s 2023-11-06
|t 1
|w 2016-03-29
|y BK
|
| 952 |
|
|
|0 0
|1 0
|2 ddc
|4 0
|6 891_000000000000000__4414_BIS
|7 0
|9 62868
|a SCL
|b SCL
|c GEN
|d 2018-03-14
|e Gift: BLC, Savar
|g 120.00
|l 3
|m 1
|o 891.4414 BIS
|p 3020009582
|r 2025-06-30
|s 2025-06-22
|t 2
|w 2018-03-14
|y BK
|